00597nam a2200193Ia 4500008004100000020001800041082001400059100001600073245002600089250000700115260004600122300002300168500001900191600002000210650002000230942000700250952012900257999001700386240925s9999 xx 000 0 und d a9789834703707 a332.6 MAD aMadun Azian 0aInvestment Management aNA aKarachi:bOxford University Pressc,2013. a688p.b0fOriginal aIncludes Index aSocial Sciences aSocial Sciences cBK 001040708SSaUITUbUITUd2019-01-31eOxford Univ Pressg450.00l0o332.6 MADpQ14205r2024-09-25 07:17:13w2024-09-25yBK c16704d16704